000
00287nam a22001337a 4500
008
181102b xxu||||| |||| 00| 0 eng d
020
_a
039395613
041
_a
eng
080
_a
710
100
_a
45
101
_a
ART
245
_a
The Art Of Reasoning
_c
Kelley.D
942
_2
udc
_c
BK
999
_c
51653
_d
51653